| 000 | 00623nam a2200205 a 4500 | ||
|---|---|---|---|
| 001 | 000033660 | ||
| 003 | OSt | ||
| 005 | 20240412074257.0 | ||
| 008 | 110905s1933 dr 000 0 spa d | ||
| 040 |
_aDO-SdBNP _bspa _cBNPD |
||
| 082 | 7 | 4 |
_a RD864.4 _bA345m _222 |
| 100 | 1 |
_aAlbuerme Brea, Pedro Edilberto _959128 |
|
| 245 | 1 | 0 |
_aMinucias / _cPedro Edilberto Albuerme Brea. |
| 260 |
_aSanto Domingo:, _b[s.n.], _c1933. |
||
| 300 |
_a1 v. (en varias paginaciones) _c19 cm. |
||
| 650 | 4 |
_aEnsayos dominicanas _976836 |
|
| 650 | 0 |
_aLiteratura dominicana. _967 |
|
| 910 | _aValidado. Control de calidad MFF | ||
| 942 |
_2ddc _cLF1 |
||
| 999 |
_c33151 _d33151 |
||